| 000 | 00801nam a22002055i 4500 | ||
|---|---|---|---|
| 001 | 159921 | ||
| 003 | ES-MaACL | ||
| 005 | 20260304173615.0 | ||
| 008 | 040914q1890 fr |||| | fre d | ||
| 080 | _a771.3 | ||
| 245 | 0 | 0 |
_aCatalogue des vues sur verre pour projections : _bphotographies d'après nature, vues de différents pays: Europe, Asie, Afrique, Muséum de Paris, photomicrographies: nº 32 / _cA. Molteni. |
| 250 | _a3e éd. | ||
| 260 |
_aParis : _bA. Molteni, _c[ca. 1890] |
||
| 300 |
_a56 p. ; _c24 cm. |
||
| 650 | 4 |
_aFotografía- _xMaterial y equipo _912958 |
|
| 650 | 4 |
_aFotografía- _vCatálogos. _9174743 |
|
| 700 | 1 |
_aMolteni, Alfred, _d1837-1907 _9174737 |
|
| 852 | 4 |
_aES-MaACL _jT-1103-F-2 _z- Enc. hol. _z- Enc. en un vol. facticio |
|
| 999 |
_c159921 _d159921 |
||